Sales 101

Bibliographic Details
Main Author: Connick, Wendy
Format: Book
Published: New York : Adams Media , 2019
Subjects:

MARC

LEADER 00000cam a2200000 7i4500
001 0000278990
005 20210305165201.0
020 |a 9781507211038 
090 0 0 |a 685.85   |b CON 
100 1 |a Connick, Wendy 
245 1 0 |a Sales 101   |c Wendy Connick 
260 |a New York :   |b Adams Media ,   |c 2019 
300 |a 254p. ;   |c 19cm. 
650 0 |a Selling 
999 |a 00385957   |b BUKU   |c PINJAMAN   |e PERPUSTAKAAN KOMUNITI CAW BANDAR UTAMA